| 000 | 00454nam a2200145 i 4500 | ||
|---|---|---|---|
| 001 | 45218 | ||
| 003 | ES-MaACL | ||
| 005 | 20230906161201.0 | ||
| 007 | t| | ||
| 008 | 030325m19011902sz ||||1| fre d | ||
| 245 | 0 | 0 |
_aCode civil suisse _b: exposé des motifs de l'avant projet du Departament Fédéral de Justice et Police. |
| 260 |
_aBerne : _b[s.n.], _c1901-2 ( _fImprimerie Büchler et Co.) |
||
| 300 |
_a3 v. ; _c23 cm. |
||
| 852 |
_aES-MaACL _jF-9203-5 |
||
| 999 |
_c45218 _d45218 |
||